[Event "FIDE Chess.com Grand Swiss"]
[Site "Douglas"]
[Date "2019.10.18"]
[Round "8"]
[White "Karjakin, Sergey"]
[Black "Dreev, Alexey"]
[Result "1-0"]
[WhiteElo "2760"]
[BlackElo "2662"]
[Annotator "Ftacnik,L"]
[PlyCount "61"]
[EventDate "2019.10.10"]
[EventType "swiss"]
[EventRounds "11"]
[EventCountry "IOM"]
[SourceTitle "CBM 193 Extra"]
[Source "ChessBase"]
[SourceDate "2020.01.31"]
[SourceVersion "1"]
[SourceVersionDate "2020.01.31"]
[SourceQuality "1"]

{[%evp 0,61,28,14,78,36,56,38,32,27,41,27,55,31,35,24,5,13,5,8,-4,-43,40,3,38,
38,59,38,43,57,73,58,58,1,7,-33,91,62,67,69,79,50,99,113,124,124,124,131,230,
208,296,341,341,341,440,539,483,549,854,889,931,947,947,956]} 1. e4 c5 2. Nf3
e6 3. d4 cxd4 4. Nxd4 Nf6 5. Nc3 Nc6 6. Nxc6 bxc6 7. e5 Nd5 8. Ne4 Qc7 9. f4
Qb6 10. c4 Bb4+ 11. Ke2 f5 12. exf6 Nxf6 13. Be3 Qd8 14. Nd6+ Bxd6 15. Qxd6 Bb7
16. g4 $5 {Extreme situations require extreme measures. White would like to
prove the superiority of his bishop pair, but the king on e2 complicates
matters immensely. The most serious and promising seems to be 16.Rd1, but
Dreev would know exactly what to do. The g-pawn move is an aggressive idea
trying to unbalance the position.} (16. Rg1 c5 (16... Ne4 17. Qe5 c5 18. Qxg7
Qh4 19. g3 Qxh2+ 20. Rg2 Qh1 21. Rg1 Qh5+ 22. g4 Qh2+ 23. Bg2 O-O-O $19 {
0-1 (34) Xu,Y (2533)-Li,S (2498) China 2018}) 17. Qxc5) (16. Rd1 Rc8 17. Rg1 (
17. Qc5 d5 18. g3 Ne4 19. Qxa7 Qd7 20. Qd4 c5 21. Qxe4 dxe4 22. Rxd7 Kxd7 23.
Bh3 g6 $11 {1-0 (44) Sindarov,J (2484)-Tabatabaei,M (2576) Manavgat 2018})
17... c5 18. g4 h6 (18... Rf8 19. f5 Qb6 20. fxe6 dxe6 21. g5 Nd5 22. Qxb6 Nxb6
23. Ke1 Nd7 24. Be2 $16 {1-0 (40) Karjakin,S (2762)-Yu,Y (2721) Baku 2015}) (
18... Rc6 19. Qe5 O-O 20. g5 Nh5 21. Bh3 d6 22. Qxe6+ Kh8 23. Rgf1 Rb6 (23...
Bc8 24. Qd5 Bxh3 25. Qxc6 Bg4+ 26. Ke1 Bxd1 27. Kxd1 $16 {1-0 (72) Cornette,D 
(2462)-Melamed,T (2381) Germany 2019}) 24. b3 {1-0 (34) Wei,Y (2733)-Fier,A 
(2561) Moscow 2019} d5 $11) 19. Bg2 Bxg2 20. Rxg2 Qb6 21. Qxb6 axb6 22. g5 hxg5
23. fxg5 Nh5 $11 {1/2-1/2 (47) Palac,M (2550)-Dreev,A (2671) Zagreb 2019}) (16.
Kd3 c5 17. Kc2 Rc8 18. Bd3 Qb6 19. Qxb6 axb6 20. Rhe1 (20. a4 Bxg2 21. Rhg1 Be4
22. Rxg7 Bg6 $11 {0-1 (43) Czarnota,P (2532)-Navara,D (2724) Katowice 2019})
20... Bxg2 21. Rg1 Be4 22. Rxg7 Bg6 23. Bxg6+ hxg6 24. Rg1 Rxh2+ $11 {1/2-1/2 
(67) Lu,S (2606)-Yu,Y (2723) Xinghua 2015}) (16. Kd1 c5 17. Qxc5 Be4 18. Rg1 d6
19. Qd4 O-O 20. Be2 Qe8 21. Ke1 e5 $11 {1/2-1/2 (44) Tari,A (2603)-Vidit,S 
(2707) Malmo 2018}) 16... c5 (16... Nxg4 17. Bc5 $1 Nh6 18. Qe5 Qh4 (18... Nf7
19. Qxg7 Qh4 20. Kd2 $14) 19. Kd2 $14) 17. Rg1 Ne4 18. Qe5 $2 {[%mdl 4]
Centralising pieces is nearly always good - unless it ocasionally proves to be
really bad! The goddess of chess Caissa must entertain some strange sense of
irony, since another game between top players was played in Douglas in the
same line - with the same weak solution! The queen on e5 is on a perfect, but
rather tight spot, and the king e2 could have contributed to White's undoing.}
(18. Qd3 $1 Qf6 (18... Qh4 19. Rd1 O-O 20. h3 Rxf4 21. Qb3 Rf2+ 22. Bxf2 Qxf2+
23. Kd3 Qxg1 24. Qxb7 Rf8 25. Qxe4 Rxf1 26. Rxf1 Qxf1+ 27. Kc2 Qxh3 $17 {
0-1 (52) Navara,D (2703)-Ris,R (2454) Budva 2019}) (18... Qb6 19. b3 d5 20. Bg2
dxc4 21. Qc2 $11) 19. Rc1 Qxb2+ 20. Rc2 Qb6 21. Bg2 d5 22. Bxe4 dxe4 23. Qb3
$11) 18... Qh4 $2 {Both Dreev and Yu were driven towards counterplay, but both
missed that they can force the white queen to open up the e-file for really
strong retribution!} (18... O-O 19. Bg2 d6 $1 20. Qxe6+ Kh8 21. Bxe4 Rf6 22.
Bxb7 (22. Qxf6 Qxf6 23. Bxb7 Qxb2+ $19) 22... Rxe6 23. Bxa8 Qxa8 24. f5 Re8 25.
Rg3 Qe4 26. Rc1 h5 $17) 19. Bg2 $1 Qxg4+ 20. Kd3 {Fortunately for us, the game
of chess remains to be extremely rich with possibilities at every step. Shirov
considered it appropriate to play 20.Bf3 and got serious advantage in the
middlegame as well.} (20. Bf3 Nc3+ 21. Kd3 Qxf3 22. Kxc3 Rg8 23. Rg3 (23. Raf1
Qc6 24. Bxc5 $16) 23... Qc6 (23... Qe4 24. Bxc5 $16) 24. Bxc5 O-O-O {1/2-1/2 
(44) Shirov,A (2664)-Yu,Y (2763) Douglas 2019} 25. Bxa7 $16) 20... Nf2+ (20...
d6 21. Bh1 $1 (21. Qxe4 Bxe4+ 22. Bxe4 Qh3 23. Bxa8 d5 $11) 21... dxe5 22. Rxg4
O-O-O+ 23. Kc2 $16) 21. Bxf2 Bxg2 22. Bxc5 Rc8 $2 {Typically, the inferior
position strongly reduces the possibilities for activity, but it also raises
the requirement for exact play. Black misses his best chance 22...Qf3+, and as
a consequence his position will quickly nose dive towards catastrophy.} (22...
Qf3+ $1 23. Kd2 O-O-O 24. Bxa7 d6 25. Qxg7 $16) 23. Rae1 $1 Kf7 (23... Qf3+ 24.
Kc2 Rxc5 25. Qxc5 Rf8 26. f5 Rxf5 27. Qc8+ Ke7 28. Rd1 Qc6 29. Qxc6 Bxc6 30.
Rxg7+ $18) 24. Re2 Qf3+ (24... Qf5+ 25. Qxf5+ exf5 26. Rexg2 Rxc5 27. Rxg7+ Ke8
28. Re1+ Kd8 29. Ree7 Rc7 30. Ref7 $18) 25. Be3 d6 26. Qd4 e5 {Due to the
double threats against the poor bishop g2 and the terminally sensitive g7 spot
, Black is forced to fish in very murky waters.} (26... Qe4+ 27. Qxe4 Bxe4+ 28.
Kxe4 Rxc4+ 29. Kd3 Rhc8 30. Bd4 $18) 27. Qxa7+ Ke6 (27... Ke8 28. Rgxg2 Qc6 29.
b3 $18) 28. Rgxg2 {Even the former contender for the world crown is a human
being with limitations. Position is so good that Karjaking did not invest
enough energy to find the most devastating move 28.Rexg2!} (28. Rexg2 $1 e4+
29. Kd2 $18) 28... Rxc4 29. Kxc4 Rc8+ 30. Kb4 Qe4+ 31. Bd4 {Black decided to
spare himself the necessity to go through the motions of final painful stage.}
(31. Bd4 Qd5 32. f5+ Kxf5 33. Ref2+ Ke4 34. Rg4+ Kd3 35. Qa3+ $18) 1-0

[Event "World Women-ch"]
[Site "Jaen"]
[Date "1996.??.??"]
[Round "8"]
[White "Xie, Jun"]
[Black "Polgar, Zsuzsa"]
[Result "0-1"]
[WhiteElo "2530"]
[BlackElo "2550"]
[Annotator "Ftacnik,L"]
[PlyCount "120"]
[EventDate "1996.01.??"]
[EventType "match"]
[EventRounds "16"]
[EventCountry "ESP"]
[SourceTitle "CBM 052"]
[Source "ChessBase"]
[SourceDate "1996.06.01"]
[SourceVersion "1"]
[SourceVersionDate "1996.06.01"]
[SourceQuality "1"]

1. e4 {Polgar,Zsu} c5 2. Nf3 e6 3. d4 cxd4 4. Nxd4 Nf6 5. Nc3 Nc6 6. Ndb5 Bb4
7. a3 Bxc3+ 8. Nxc3 d5 9. exd5 exd5 10. Bd3 O-O 11. O-O d4 12. Ne2 Qd5 13. Nf4
Qd6 14. Nh5 Nxh5 (14... Bd7 15. Bf4 $14) 15. Qxh5 h6 16. Bd2 {White enjoys a
bishop pair and d4 pawn is potentially weak, but black has enough freedom for
pieces.} (16. Re1 Bd7 17. Qh4 (17. Qf3 Rfe8 18. Bf4 Qf6 19. Qg3 Kh8 20. Bc7 (
20. h3 Bf5 21. Bxh6 gxh6 22. Qf4 Ne7 23. g4 Qg6 24. Bxf5 Nxf5 25. Qxf5 Qxf5 26.
gxf5 Kg7 27. Rad1 {1/2-1/2 Smirin,I-Khenkin,I/Elenite (07)/1993/}) (20. Be4 Bf5
{1/2-1/2 Wahls,M-Khenkin,I/Geneve op (06)/1995/}) (20. b4 a6 21. Qf3 Ne7 22.
Qg3 Nc6 23. h3 Bf5 24. Bxh6 gxh6 25. Qf4 Ne7 26. g4 Kg7 27. gxf5 Qg5+ 28. Qg3 {
1-0 Tseshkovsky,V-Boguslawsky,M/Voskresensk/1992/ (39)}) 20... Rxe1+ 21. Rxe1
Re8 22. Rxe8+ Bxe8 23. Qd6 Qxd6 24. Bxd6 g6 25. Bf8 {1-0 Slobodjan,
R-Boguslawsky,M/Dortmund op-A (09)/1993/ (46)}) (17. g3 Rfe8 18. Bf4 Qf6 19.
Qd5 Bh3 20. Qd6 (20. b4 Rad8 21. Bc7 Rc8 22. b5 Be6 23. Qd6 Re7 24. bxc6 Rexc7
25. cxb7 Rxb7 {1/2-1/2 Anand,V-Smirin,I (02)/New York PCA 25' (01)/1994/ (35)})
20... Be6 21. Be5 Qg5 22. h4 Qh5 23. Qc5 Red8 24. Bd6 Qg4 25. Re4 Qf5 26. Ree1
Qg4 27. Re4 Qf5 28. Ree1 {1/2-1/2 Tejero,J-Baron Isanta,J/Catalunia-chT/1995/})
(17. Bd2 Rae8 18. h3 a6 19. Qh4 b5 20. Bf4 Qd5 21. Bxh6 gxh6 {1/2-1/2 Namyslo,
H-Boguslawsky,M/Dortmund op-A (06)/1993/}) 17... Rae8 18. Bf4 (18. Bd2 a6 19.
Qg3 Qxg3 20. hxg3 Rxe1+ 21. Rxe1 Re8 22. Rxe8+ Bxe8 23. Be4 {1/2-1/2 Korneev,
O-Baron Rodriguez,J/Barbera del Valles op (04)/ 1995 (42)}) 18... Qd5 19. Qg3
Re6 (19... Kh8 $142 {/\ Bf5}) 20. Rxe6 Qxe6 21. Bd2 Qe5 22. Re1 Qxg3 23. hxg3
$16 {Tiviakov,S-Sorokin,M/St.Petersburg zt/1993/}) (16. Qh4 Re8 17. Bd2 Bd7 18.
Rfe1 Re6 19. Rxe6 Qxe6 20. Re1 Qg4 21. Qxg4 Bxg4 22. f4 g6 23. b4 a6 24. a4 a5
25. b5 Nb4 26. Bxb4 axb4 27. Re7 b6 28. Bc4 Be6 29. Bxe6 fxe6 30. Rxe6 d3 31.
cxd3 b3 {1/2-1/2 Vehi Bach,V-San Segundo,P/San Sebastian op (04)/1995/ (42)})
16... Bd7 17. Rae1 Rfe8 18. f4 $1 Ne7 $6 (18... a6 19. Bc4 Qf6 20. Bd3 Qd6 21.
g4 Qf8 22. g5 g6 23. Qh4 Rxe1 24. Rxe1 hxg5 25. Qxg5 Qd8 26. h4 Qxg5+ 27. hxg5
Rd8 28. Kf2 {Maahs,E-Chernosvitov,A/Dortmund op-A (02)/1993/1-0 (79)}) (18...
Rxe1 19. Rxe1 Re8 20. Rxe8+ Bxe8 21. Qf5 $16) (18... Re7 $142 $1 {Polgar,Zsu}
19. Rxe7 (19. f5 $6 Qf6 20. g4 Rxe1 $1 (20... Ne5 21. g5 $1 hxg5 22. Bxg5 Nf3+
23. Rxf3 Rxe1+ 24. Kf2 Qe5 25. f6 $40) 21. Rxe1 Ne5) 19... Nxe7 20. Bb4 Qf6 $10
) 19. Re5 $1 (19. Bc4 Qf6 (19... Be6 20. Rxe6 fxe6 21. f5 $1 Nd5 22. f6 Nxf6 (
22... Rf8 23. f7+ Kh8 24. Bxh6 Nf6 25. Rxf6 $18) 23. Rxf6 gxf6 24. Qg6+ Kf8 25.
Qxf6+ Kg8 26. Qg6+ Kf8 27. Bxh6+ Ke7 28. Qg7+ Kd8 29. Qxb7 Rc8 30. Bg5+ Re7 31.
Ba6 $18) (19... Rf8 20. f5 Nd5 21. Bxh6 gxh6 22. Bxd5 Qxd5 23. Qxh6 f6 (23...
Bxf5 24. Qg5+) 24. Qg6+ Kh8 25. Re7 $18) 20. f5 $16) (19. Bb4 Qf6 20. Bxe7 Rxe7
21. Rxe7 Qxe7 22. Qd5 Qe3+ 23. Kh1 Bc6 $15) 19... Bc6 (19... Nc6 20. Rd5 Qe7
21. f5 $16) 20. Bb4 (20. Rfe1 $142 $36) 20... Qf6 (20... Qd7 $2 21. Bc4 $18)
21. Bc4 (21. Bxe7 Rxe7 22. Rxe7 Qxe7 23. Qf5 g6 24. Qh3 Qe3+ 25. Qxe3 dxe3 26.
Re1 Re8 $15) (21. Rfe1 $142 Ng6 22. Rxe8+ Rxe8 23. Rxe8+ Bxe8 24. g3 Bc6 25.
Qf5 $16) 21... Bd7 (21... Ng6 22. Rf5 $18) 22. Rg5 $6 (22. Rfe1 $142 Nc6 23.
Rxe8+ Rxe8 24. Rxe8+ Bxe8 25. Bd2 $14) (22. g4 $5 {Polgar,Zsu} Rac8 $1 (22...
Nc6 23. g5 Rxe5 24. fxe5 Qxg5+ 25. Qxg5 hxg5 26. Bxf7+ Kh7 27. e6 $16) 23. g5 (
23. Bb3 d3 $1 $132) 23... Qg6 $13) 22... Be6 (22... hxg5 $2 23. fxg5 g6 (23...
Qxf1+ 24. Kxf1 g6 25. Qf3 $16) 24. gxf6 gxh5 25. fxe7 Be6 26. Bxe6 fxe6 27.
Rf8+ Rxf8 28. exf8=Q+ Rxf8 29. Bxf8 Kxf8 30. Kf2 Kf7 31. Kf3 Kf6 32. Ke4 e5 33.
g3 b6 34. h3 a6 35. g4 $18) 23. Bd3 Nc6 24. Bd2 $5 (24. Rb5 Nxb4 25. Rxb4 b6
$13) 24... hxg5 25. Qh7+ Kf8 26. fxg5 Qe5 27. Bf4 Qd5 28. Be4 Bf5 $5 (28... Qd7
$142 29. g6 (29. Qh8+ Ke7 30. Qxg7 Kd8 31. Bg3 $44) 29... f6 30. Bh6 Ke7 (30...
Bg8 31. Rxf6+ $18) 31. Bxg7 Kd6 32. Bxf6 Qxh7 33. gxh7 Ne5 $13) 29. Bxf5 (29.
Qh8+ Ke7 30. Qxe8+ Rxe8 31. Bxd5 Bxc2 $17) (29. Bxd5 Bxh7 30. Bd6+ Kg8 31.
Bxf7+ Kh8 32. Bxe8 Rxe8 $19) 29... Re2 30. Bh3 $2 (30. Bd6+ $142 $1 Qxd6 31.
Qh8+ Ke7 32. Qxa8 $18) 30... d3 $1 (30... Ne7 31. Qh5 $1 d3 32. cxd3 Qxd3 33.
Bd6 $1 $18) 31. c3 $2 (31. Qh8+ Ke7 32. Qxa8 (32. Qxg7 $1 dxc2 (32... Qd4+ 33.
Qxd4 Nxd4 34. cxd3 Ne6 $1 (34... Rxb2 35. Be5 Ne2+ 36. Kf2 $16) 35. Bc1 Rc8 36.
Bf5 Rec2 (36... Rcc2 37. Be4) 37. Be3 Rxb2 38. Bxa7 $14) 33. g6 (33. Qf6+ Kf8
34. Qh8+ Ke7 35. Qf6+ $10) 33... Qd4+ 34. Qxd4 Nxd4 35. Bg5+ Kd6 36. gxf7 Rf8
37. Bg4 $1 (37. Bh6 Ke7 38. Bxf8+ $2 Kxf8) 37... Re4 38. Bh6 Ke7 39. Bh5 $13)
32... Qd4+ 33. Kh1 Qxf4 $1 34. Qxb7+ Kd6 35. Qd7+ Kc5 36. b4+ Kb6 37. Qf5 Qxf5
38. Bxf5 dxc2 (38... d2 39. Kg1 Nd4 40. Bg4 Re4 41. Bd1 Nb5 42. Kf2 $13) 39. h4
(39. Kg1 Nd4 40. Bxc2 Nxc2 41. Rxf7 Ne3 42. h4 Rxg2+ 43. Kh1 Rg4 44. Rxg7 Rxh4+
45. Kg1 Nc2) 39... g6 40. Bd3 Rd2 41. Bxc2 Rxc2 42. Rxf7 Ra2 $15) (31. Kh1 $142
$5 d2 $1 32. Bxd2 Qxd2 33. Qh8+ $13) 31... Ne7 32. Qh8+ Ng8 33. g6 f6 $138 34.
b4 Qd8 $6 (34... d2 35. Bxd2 Qxd2 $19) 35. Bg4 Re4 36. Qh5 Qe7 (36... d2 $1)
37. Bd2 Rd8 38. Bf3 Re5 (38... Re2 $1) 39. Qg4 Qd7 40. Qc4 b5 41. Qb3 Qe6 42.
Qxe6 Rxe6 43. h4 Ne7 44. h5 Nd5 45. Bg4 (45. h6 gxh6 46. Bxh6+ Kg8 $17) 45...
Re4 46. Bf3 Re5 47. h6 gxh6 48. Bxh6+ Ke7 49. Rc1 (49. Bxd5 Rexd5 50. Re1+ Re5
$17) 49... Ne3 50. Re1 Nc4 51. Rd1 Nb2 52. Rb1 (52. Rd2 Nc4) 52... Na4 53. Kf1
d2 54. Rd1 Rg5 $1 (54... Nxc3 55. Rxd2 Rxd2 56. Bxd2 Nd5 $17) 55. Bxg5 fxg5 {
White will suffer, because he can not approach the d2 pawn with his king.} 56.
g7 Kf7 57. Kg1 Nxc3 58. Rf1 Kxg7 59. Bd1 Re8 60. Kf2 Rf8+ (60... Rf8+ 61. Bf3
d1=Q $19) 0-1

[Event "Ankara zt"]
[Site "Ankara"]
[Date "1995.??.??"]
[Round "2"]
[White "Kotronias, Vasilios"]
[Black "Janjgava, Lasha"]
[Result "1/2-1/2"]
[WhiteElo "2570"]
[BlackElo "2500"]
[Annotator "Gagarin,V"]
[PlyCount "80"]
[EventDate "1995.??.??"]
[EventType "swiss"]
[EventRounds "9"]
[EventCountry "TUR"]
[SourceTitle "CBM 049 Extra"]
[Source "ChessBase"]
[SourceDate "1996.01.01"]
[SourceVersion "1"]
[SourceVersionDate "1996.01.01"]
[SourceQuality "1"]

1. e4 c5 2. Nf3 e6 3. d4 cxd4 4. Nxd4 Nf6 5. Nc3 Nc6 6. Ndb5 Bb4 7. a3 Bxc3+ 8.
Nxc3 d5 9. exd5 exd5 10. Bd3 O-O 11. O-O d4 (11... h6 12. Re1 d4 13. Ne2 Re8
14. b4 $1 $14 {/\ Bb2, Qd2/}) 12. Ne2 Bg4 13. Bg5 Re8 14. f3 (14. Re1 Qd6 15.
Qd2 Rac8 (15... Rad8 $5 $14) 16. Ng3 $14 {Mikhalchishin,A-Guseinov,A/Baku/1983/
0,5/20/}) (14. Qd2 Bxe2 $5 15. Bxf6 (15. Bxe2 $4 Ne4 $19) 15... Qxf6 16. Bxe2
Rac8 $10 (16... Rad8 $5 $10)) 14... Bh5 15. Bh4 $1 $14 {/\ Bf2 ><d4/} (15. Qd2
Bg6 16. Rad1 Rc8 17. Rf2 a6 18. Qf4 Nd5 19. Bxd8 Nxf4 20. Nxf4 Rexd8 21. Nxg6
hxg6 22. Re2 $14 {Zarnicki,P-Romero,M/ARG/1995/1:0/46/}) 15... Bg6 16. Bxg6
hxg6 17. Bf2 Qb6 18. Qd2 Rad8 19. Rfe1 (19. Rab1 Rd5 (19... Rd7 $5 $14) 20.
Rfd1 Red8 $14) 19... a5 (19... Qxb2 $4 20. Reb1 $18) 20. b3 Qc5 (20... Nh7 $5
21. Rad1 Nf8 22. a4 Ne6 23. Nf4 Nxf4 24. Qxf4 Rxe1+ 25. Rxe1 $14) 21. c3 $5 Qb5
22. Nxd4 Rxe1+ 23. Qxe1 Nxd4 24. Bxd4 Qxb3 25. Qb1 Qd5 26. a4 $1 Nh5 27. Qb5 $1
Nf4 {/\ 28...Qb5 29.ab Ne2/} 28. Qxd5 Rxd5 29. Kf2 Ne6 30. Ke3 b5 (30... Rh5
31. h3 f6 32. Rb1 Nd8 33. c4 Kf7 34. Rb5 $16) 31. Ke4 Rf5 32. Be3 bxa4 (32...
Nc5+ 33. Bxc5 $8 Rxc5 34. axb5 Rxb5 35. c4 $16) 33. c4 Nc5+ (33... Kf8 $6 34.
g4 $1 (34. Rxa4 $2 Ke7 35. g4 Nc5+ 36. Bxc5+ Rxc5 $10) 34... Nc5+ 35. Bxc5+ $8
Rxc5 36. Kd4 $16) 34. Bxc5 $8 Rxc5 35. Rxa4 $16 Kf8 36. Kd4 Rf5 37. Ra2 Ke7 (
37... g5 38. c5 Rf4+ 39. Kd5 a4 40. g3 Rxf3 41. Rxa4 $16) 38. g4 $4 $10 (38. c5
$1 Rf4+ (38... a4 39. Kc4 $16 {/\ Kb5/}) 39. Kd5 $1 (39. Ke3 Rc4 40. Rxa5 Rc2
$14) 39... a4 40. Kc6 {/\ Kb5/} Rb4 41. Kc7 $16) 38... Rf4+ (38... Rxf3 39. Ke4
Rc3 40. Kd5 Rd3+ 41. Ke4 Rc3 $10 (41... Rh3 42. Rxa5 Rxh2 43. Ra7+ Kf6 44. g5+
Kxg5 45. Rxf7 $10)) 39. Kd3 Kd7 (39... f5 40. Rxa5 Rxf3+ 41. Kd2 Rf4 42. gxf5
gxf5 $10) 40. Rxa5 Rxf3+ (40... Rxf3+ 41. Ke4 Rh3 42. Ra2 Kd6 43. Ra7 f5+ $10)
1/2-1/2

[Event "YUG-chT"]
[Site "Tivat"]
[Date "1995.??.??"]
[Round "3"]
[White "Matulovic, Milan"]
[Black "Vukic, Milan"]
[Result "1/2-1/2"]
[WhiteElo "2455"]
[BlackElo "2450"]
[Annotator "Gagarin,V"]
[PlyCount "51"]
[EventDate "1995.??.??"]
[EventType "team-swiss"]
[EventRounds "11"]
[EventCountry "YUG"]
[SourceTitle "CBM 048 Extra"]
[Source "ChessBase"]
[SourceDate "1995.11.01"]
[SourceVersion "1"]
[SourceVersionDate "1995.11.01"]
[SourceQuality "1"]

1. e4 c5 2. Nf3 e6 3. d4 cxd4 4. Nxd4 Nf6 5. Nc3 Nc6 6. Nxc6 bxc6 7. e5 Nd5 8.
Ne4 Qc7 9. f4 Qa5+ $5 10. c3 (10. Qd2) (10. Bd2) (10. Kf2 $5) 10... Be7 $1 11.
Bd3 Qb6 12. Qe2 $5 (12. c4 f5 $1 13. exf6 Nxf6 14. Qc2 Nxe4 15. Bxe4 Ba6 $1 $15
{Ye Jiangchuan-Ivanchuk,V/Manila(ol)/1992/0:1/32/}) 12... O-O (12... Bb7 13. c4
f5 (13... Nb4 $5) 14. Nd6+ $5 Bxd6 15. exd6 Nf6 (15... Nb4 $5 16. Bxf5 Qa5 17.
Bd2 Qxf5 18. Bxb4 Qxf4 $13) 16. Be3 Qb4+ 17. Bd2 Qxd6 18. Bxf5 c5 19. O-O-O Qc6
20. Rhg1 $14 {Howell,J-Krasenkov,M/Hastings/1993/0,5/30/}) (12... a5 13. a3 (
13. c4 f5 14. Nd6+ Bxd6 15. exd6 Nf6 16. Bxf5 $140 $6 Qb4+ $15 {Timoshenko/})
13... g6 14. c4 f5 $13 {Pikula,D-Timoshenko,G/Tivat/1995/0:1/54/}) 13. c4 f5
14. cxd5 fxe4 15. Qxe4 Qb4+ 16. Qxb4 Bxb4+ 17. Bd2 $1 (17. Ke2 exd5 $1 $10 {
/\ d6/De La Riva,O-Braga,F/ESP/1993/0,5/33/} (17... cxd5 $6 18. a3 Be7 19. Be3
$14)) 17... Rxf4 $6 $146 (17... Bxd2+ 18. Kxd2 cxd5 (18... exd5 $6 19. f5 $16)
19. g3 a5 20. Rac1 $5 (20. Rhc1 g5 $5 $132 21. Rc7 gxf4 22. gxf4 Rxf4 23. Rg1+
Kh8 24. Rf1 Rxf1 25. Bxf1 Kg7 26. Bb5 Kf7 27. Ke3 Ke7 28. Kd4 Kd8 29. Rc3 Ba6
30. Rg3 Kc7 31. Rc3+ Kd8 32. Rg3 $10 {Van Der Wiel,J-Romero Holmes,A/Wijk aan
Zee/0,5/33/}) 20... Ba6 21. Rc7 (21. Bxa6 Rxa6 22. Rc7 $16) 21... Bxd3 22. Kxd3
$16) 18. Bxb4 Rxb4 19. dxe6 dxe6 20. O-O-O $5 (20. b3 $5 c5 (20... a5 21. O-O
$16) 21. Bc4 Rb6 22. O-O Ba6 23. Rac1 Rf8 $16) 20... c5 21. b3 Bb7 22. Bc4 $16
Re8 (22... Rb6 $5 23. Rd7 Ba6 24. Bxa6 Rxa6 25. Kb2 (25. Kb1 Rf8 26. Rc1 Ra5
$16) 25... Rf8 26. Rhd1 Rf2+ 27. R1d2 Rxd2+ 28. Rxd2 Kf7 $16) 23. Rd7 $2 (23.
Rhf1 $1 Bxg2 24. Bxe6+ $1 Kh8 25. Rf7 Rbb8 26. Bd5 Bh3 27. Re1 $16 Rbd8 $140 $6
28. Bc6 Re6 29. Bd7 Rh6 30. e6 $18) 23... Bxg2 $1 24. Rhd1 (24. Rg1 Rb7 $1 25.
Rd6 Bh3 26. Rc6 $10) 24... Bd5 $1 $14 25. a3 (25. Bxd5 $5 exd5 26. R1xd5 Rd4 $1
27. Kc2 Rxe5 $1 28. Rxg7+ Kxg7 29. Rxe5 Rh4 30. Re7+ Kf6 31. Rxa7 Rxh2+ 32. Kd3
h5 $1 (32... Ke5 $6 33. Kc4 $16) 33. Kc4 Rc2+ 34. Kd5 h4 $10) 25... Rbb8 26.
Rxa7 (26. Rxa7 Bxc4 27. bxc4 Ra8 28. Rdd7 Rxa7 29. Rxa7 Rf8 $10) 1/2-1/2